Cultura geral - Statistics

Estatísticas Gerais
  • Esse quiz foi jogado 146 vezes
  • A pontuação média é 10 de 15
Estatísticas das Respostas
Questão Resposta % Correto
Qual é o animal conhecido por tecer teias para capturar as suas presas? Aranha
100%
Que nome se dá a uma porção de terra rodeada de água por todos os lados? Ilha
100%
Qual é a capital da Inglaterra? Londres
100%
Por quantos ossos é constituído o corpo humano? Mais de 200
100%
Como se chama o cão que viajou para o espaço? Laika
86%
Na falta de quais destes componentes, você não consegue utilizar o computador? Processador
79%
Quantas testemunhas são necessárias num casamento civil? 2
64%
Qual era o brinquedo de estimação da Mónica? Coelho de peluche
64%
Em que país são fabricados os carros da marca Hyundai? Coreia do Sul
64%
Dos seguintes animais qual deles é um cefalópode? Polvo
64%
Quem foi o último rei de Portugal? D. Manuel II
50%
Que cidade foi eleita capital europeia da cultura em 2012? Guimarães
50%
Em que dia é celebrado o dia mundial da SIDA? 1 de Dezembro
43%
Qual é a raiz quadrada de 625? 45
0%
Qual destes animais é um animal doméstico? Elefante
0%
Nenhum quiz correspondente encontrado
Distribuição das Pontuações
Porcentagem de Pessoas com Cada Pontuação
Percentil de Números Respondidos
Sua Pontuação Histórica
Você não jogou esse quiz